Online
Catalog

Los "Refraneros" de Juan Lorenzo Palmireno : (Record no. 41472)

MARC details
000 -CABECERA
campo de control de longitud fija 00947nam a2200217 a 4500
001 - NÚMERO DE CONTROL
campo de control 000041983
005 - FECHA Y HORA DE LA ÚLTIMA TRANSACCIÓN
campo de control 20201002035851.0
008 - DATOS DE LONGITUD FIJA--INFORMACIÓN GENERAL
campo de control de longitud fija 131028s2004 sp 000 0 spa d
020 ## - NÚMERO INTERNACIONAL ESTÁNDAR DEL LIBRO
Número Internacional Estándar del Libro 8484832252
040 ## - FUENTE DE LA CATALOGACIÓN
Centro catalogador/agencia de origen DO-SdBNP
Lengua de catalogación spa
Centro/agencia transcriptor BNPHU
100 1# - ENTRADA PRINCIPAL--NOMBRE DE PERSONA
Nombre de persona Gallego Barnés, Andrés
9 (RLIN) 68924
245 14 - MENCIÓN DE TÍTULO
Título Los "Refraneros" de Juan Lorenzo Palmireno :
Resto del título estudios de sus fuentes paramiológicas /
Mención de responsabilidad, etc. Andrés Gallego Barnés ; prólogo María Pilar Cuartero Sancho.
260 ## - PUBLICACIÓN, DISTRIBUCIÓN, ETC.
Lugar de publicación, distribución, etc. Alcañiz Madrid :
Nombre del editor, distribuidor, etc. CSIC,
Fecha de publicación, distribución, etc. 2004.
300 ## - DESCRIPCIÓN FÍSICA
Extensión 298 p. ;
Dimensiones 25 cm.
490 1# - MENCIÓN DE SERIE
Mención de serie Colección de textos y estudios humanisticos
-- Estudios
504 ## - NOTA DE BIBLIOGRAFÍA, ETC.
Nota de bibliografía, etc. Incluye referencias bibliográficas y notas al pie de las páginas
500 ## - NOTA GENERAL
Nota general Incluye datos biográficos del autor en la solapa de la cubierta
700 1# - PUNTO DE ACCESO ADICIONAL--NOMBRE DE PERSONA
Nombre de persona Cuartero Sancho, María Pilar
9 (RLIN) 68858
710 2# - PUNTO DE ACCESO ADICIONAL--NOMBRE DE ENTIDAD CORPORATIVA
Nombre de entidad corporativa o nombre de jurisdicción como elemento de entrada Instituto de Estudios Humanísticos
9 (RLIN) 51235
830 #0 - PUNTO DE ACCESO ADICIONAL DE SERIE-TÍTULO UNIFORME
Título uniforme Colección de textos y estudios humanisticos
Designación de volumen o secuencia Estudios
9 (RLIN) 68925
Holdings
Estado de retiro Estado de pérdida Restricciones de uso No para préstamo Código de colección Localización permanente Ubicación/localización actual Ubicación en estantería Fecha de adquisición Número de inventario Total de préstamos Signatura topográfica completa Código de barras Fecha visto por última vez Precio válido a partir de Tipo de ítem Koha Número de copia
      Excluido de préstamo Monografías: Libros y Folletos General General En catalogación 28.10.2013 LF1   41983-10 25.06.2020 25.06.2020 No se presta  
      Excluido de préstamo Monografías: Libros y Folletos General General En catalogación 12.02.2014 LF1   41983-20 25.06.2020 25.06.2020 No se presta e. 2

Powered by Koha